00529nam a2200157Ia 4500008004100000020001800041082001800059100002500077245006500102250001600167260002600183300000900209942001200218999001900230952012200249210430s9999 xx 000 0 und d a0-7506-4790-6 a672.2 C1721 C aJohn Campbell954127 aCastings: The new metallurgy of cast metals /cJohn Campbell a2nd edition aNepalbElsevierc2005 a335p cBK2ddc c564598d564598 001040708NFICaSCMEbSCMEcGENd0000-00-00l2m4o672.2 C1721 CpSCME-3817r2024-01-10s2023-12-11w2021-04-30yBK